El don : el espíritu creativo frente al mercantilismo /

Bibliographic Details
Main Author: Hyde, Lewis, 1945- (Author)
Other Authors: Atwood, Margaret, 1939- (contributor agent of text.), Hermoso Oliveras, Julio (Translator)
Format: Electronic eBook
Language:Spanish
English
Published: Madrid, España : Sexto Piso, 2021.
Edition:Primera edición.
Series:Ensayo Sexto Piso.
Subjects:
Online Access:Digitalia Hispánica

MARC

LEADER 00000nam a2200000Ii 4500
001 DIGSEXPIS0115
003 NyNyDIG
006 m o d
007 cr |||||||||||
008 230803s2021 sp o 000 0 spa d
035 |a (OCoLC)1393996786 
040 |a DGITA  |b eng  |e rda  |e pn  |c DGITA 
020 |a 9788418342226  |q eBook 
020 |z 9788418342134 
041 1 |a spa  |h eng 
050 1 4 |a GN449.6 ebook 
100 1 |a Hyde, Lewis,  |d 1945-  |e author. 
240 1 0 |a Gift.  |l Spanish  |s (Hermoso Oliveras) 
245 1 3 |a El don :  |b el espíritu creativo frente al mercantilismo /  |c Lewis Hyde ; introducción de Margaret Atwood ; traducción de Julio Hermoso. 
246 3 0 |a Espíritu creativo frente al mercantilismo 
250 |a Primera edición. 
264 1 |a Madrid, España :  |b Sexto Piso,  |c 2021. 
300 |a 1 online resource. 
336 |a text  |b txt  |2 rdacontent 
337 |a computer  |b c  |2 rdamedia 
338 |a online resource  |b cr  |2 rdacarrier 
347 |a text file  |2 rdaft 
347 |b EPUB 
490 1 |a Ensayo Sexto Piso. 
504 |a Includes bibliographical references. 
588 0 |a Online resource; title from ePub title page (Digitalia, viewed August 3, 2023) 
650 0 |a Gifts. 
650 0 |a Creation (Literary, artistic, etc.) 
650 0 |a Economic anthropology. 
650 0 |a Art and society. 
700 1 |a Atwood, Margaret,  |d 1939-  |e contributor agent of text. 
700 1 |a Hermoso Oliveras, Julio,  |e translator. 
700 1 |i Translation of:  |a Hyde, Lewis,  |d 1945-  |t Gift. 
791 2 |a Digitalia (Firm),  |e distributor. 
793 0 |g Digitalia eBook Collection:  |a Editorial Sexto Piso 
776 0 8 |i Print version:  |a Hyde, Lewis, 1945-  |s Gift. Spanish (Hermoso Oliveras).  |t Don.  |b Primera edición.  |d Madrid, España : Sexto Piso, [2021]  |z 9788418342134 
830 0 |a Ensayo Sexto Piso. 
856 4 0 |3 Digitalia Hispánica  |u https://www.digitaliapublishing.com/a/81366/ 
910 |a Premium collection: 2023